| 000 | 00348nam a2200145Ia 4500 | ||
|---|---|---|---|
| 100 | _aShah/M.M. | ||
| 942 | _cBK | ||
| 654 | _aDesign of electronics | ||
| 245 | _aDesign of Electronics circuits & computer aided design | ||
| 260 |
_bNew Age Int (P) Ltd _c1993 |
||
| 082 |
_a621.3815 _bSHA |
||
| 300 | _a234 | ||
| 546 | _aENGLISH | ||
| 999 |
_c21995 _d21995 |
||